000 00328 a2200157 4500
001 156633
020 _a8516037258
040 _cEscola São Tomás de Aquino
100 _aPRESCHER, Elisabeth
240 1 0 _aGrandpa
_lpor
245 1 0 _aGrandpa
300 _a32
362 0 _a2003
697 _aLíngua inglesa
942 _cBK
999 _c156633
_d156633